LEADER 01002nam a2200229 u 4500 001 000000008858 003 CaOOAMICUS 005 20070226105136.0 008 940615s1922 it u000 u ita u 035 $a10227096 040 $aPUL(R)$bita 100 1 $aCaprin, Giulio,$d1880-1958.$0(OLS)http://pul/name/8800 245 12$aI trattati segreti della Triplice alleanza :$bper la prima volta pubblicati in Italia /$cGiulio Caprin. 260 $aBologna :$bNicola Zanichelli,$c1922. 300 $aliv, 170 p. ;$c19 cm 630 04$aTriplice Alleanza, 1882.$0(OLS)http://pul/subject/7427 850 $aPUL 852 $aPUL$W1$xDP1 Fondo Ciprotti$y59$m1541 D 11$j12509$nBK-PRI$b $qFondi$B12509$CPULBib$Z2$F12509 $H $81 941 1 $a1 961 $aINV: F.Ciprotti 996 $6245$aI trattati segreti della Triplice alleanza :$bper la prima volta pubblicati in Italia$9(OLS)http://pul/title/12974 996 $6260$aBologna :$bNicola Zanichelli$9(OLS)http://pul/publisher/52264 LEADER 01479nam a2200349 u 4500 001 000000059061 003 CaOOAMICUS 005 20201130110824.0 008 010620s1995 it u000 u ita u 020 $a8802049572 032 $aLibriCat 035 $a10893281 040 $aPUL(R)$bita 100 1 $aSacco, Rodolfo.$0(OLS)http://pul/name/23503 245 13$aIl diritto africano /$cRodolfo Sacco ; con la collaborazione di Marco Guadagni, Roberta Aluffi Beck-Peccoz, Luca Castellani. 260 $aTorino :$bUTET,$cc1995. 300 $ax, 396 p. ;$c25 cm 490 1 $aTrattato di diritto comparato ;$v5 504 $aContiene riferimenti bibliografici. 650 4$aDiritto comparato.$0(OLS)http://pul/subject/489 650 4$aDiritto$zAfrica.$0(OLS)http://pul/subject/20428 700 1 $aCastellani, Luca.$0(OLS)http://pul/name/40844 700 1 $aAluffi Beck-Peccoz, Roberta.$0(OLS)http://pul/name/34751 700 1 $aGuadagni, Marco.$0(OLS)http://pul/name/40843 830 0$aTrattato di diritto comparato ;$v5.$0(OLS)http://pul/title/54501 850 $aPUL 852 $aPUL$W1$xSL Diritto e Scienze Sociali 3$y79$m300 A 51.5$j77069$nBK-PRI$b $qDDC 21$B77069$CPULBib$Z2$F77069 $H77262 $82 941 1 $a9 996 $6020$a8802049572$9(OLS)http://pul/number/75070 996 $6245$aIl diritto africano$9(OLS)http://pul/title/79107 996 $6260$aTorino :$bUTET$9(OLS)http://pul/publisher/48088